[Event "Santa Fe op"]
[Site "Santa Fe"]
[Date "2020.02.09"]
[Round "3"]
[White "Ganin, Maximo Tomas"]
[Black "Tula, Matias"]
[Result "0-1"]
[WhiteElo "1463"]
[BlackElo "1802"]
[PlyCount "80"]
[EventDate "2020.02.08"]
[EventType "swiss"]
[EventRounds "7"]
[EventCountry "ARG"]
[SourceTitle "CBM 195 Extra"]
[Source "ChessBase"]
[SourceDate "2020.05.31"]
[SourceVersion "1"]
[SourceVersionDate "2020.05.31"]
[SourceQuality "1"]

1. e4 Nf6 2. e5 Nd5 3. d4 d6 4. c4 Nb6 5. exd6 cxd6 6. Nc3 g6 7. Be2 Bg7 8. Nf3 0-0 9. 0-0 Nc6 10. Be3 Bg4 11. b3 Qc7 12. Nb5 Qd7 13. Rc1 d5 14. c5 Nc8 15. Qd2 a6 16. Na3 Re8 17. Rfd1 e6 18. Ne1 Bxe2 19. Qxe2 N8e7 20. f4 Nf5 21. Nac2 Qc7 22. Nf3 Nxe3 23. Qxe3 Rad8 24. Nce1 Bh6 25. Nd3 f6 26. Re1 Re7 27. g4 Rf8 28. g5 Bg7 29. h4 h6 30. Kg2 hxg5 31. hxg5 fxg5 32. fxg5 Rf5 33. Nde5 Nxe5 34. Nxe5 Bxe5 35. dxe5 Qa5 36. Rc2 Qb4 37. c6 bxc6 38. Rxc6 Ref7 39. Re2 Qg4+ 40. Kh1 Rf1+ 0-1

[Event "Santa Fe Laguna Paiva op"]
[Site "Santa Fe"]
[Date "2019.03.10"]
[Round "6"]
[White "Tula, Matias"]
[Black "Maset, Antonio Roberto"]
[Result "1/2-1/2"]
[WhiteElo "1795"]
[BlackElo "1797"]
[PlyCount "55"]
[EventDate "2019.03.09"]
[EventType "swiss"]
[EventRounds "6"]
[EventCountry "ARG"]
[SourceTitle "CBM 189 Extra"]
[Source "ChessBase"]
[SourceDate "2019.06.03"]
[SourceVersion "1"]
[SourceVersionDate "2019.06.03"]
[SourceQuality "1"]

1. c4 Nf6 2. Nc3 d5 3. d4 g6 4. Nf3 Bg7 5. cxd5 Nxd5 6. e4 Nxc3 7. bxc3 0-0 8. Bc4 c5 9. 0-0 Bg4 10. Be3 Nc6 11. d5 Ne5 12. Be2 Nxf3+ 13. Bxf3 Bxf3 14. Qxf3 Bxc3 15. Rac1 Bg7 16. Bxc5 b6 17. Bb4 Qd7 18. Qa3 Rfe8 19. Rc6 e6 20. Rd6 Qb5 21. dxe6 Rxe6 22. Rxe6 fxe6 23. Qb3 Qc6 24. Rd1 Bf6 25. Rd6 Qc1+ 26. Rd1 Qc6 27. Rd6 Qc1+ 28. Rd1 1/2-1/2

[Event "Santa Fe-ch"]
[Site "Santa Fe"]
[Date "2018.09.18"]
[Round "5.3"]
[White "Tula, Matias"]
[Black "Pigatto, Rodolfo Luis"]
[Result "1-0"]
[WhiteElo "1775"]
[BlackElo "1928"]
[PlyCount "63"]
[EventDate "2018.09.04"]
[EventType "swiss"]
[EventRounds "7"]
[EventCountry "ARG"]
[SourceTitle "EXT 2024"]
[Source "ChessBase"]
[SourceDate "2023.10.10"]
[SourceVersion "1"]
[SourceVersionDate "2023.10.10"]
[SourceQuality "1"]

1. d4 c5 2. e3 g6 3. Nf3 Bg7 4. b3 d6 5. Be2 Nc6 6. Bb2 cxd4 7. exd4 d5 8. 0-0 Nf6 9. Nbd2 0-0 10. Re1 Bf5 11. Nf1 Ne4 12. Ne3 Bc8 13. Bd3 e6 14. Nf1 f5 15. Ne5 Nxf2 16. Kxf2 Nxd4 17. Kg1 Nc6 18. Nd2 Qc7 19. Ndf3 g5 20. Qe2 g4 21. Nd2 h5 22. Rab1 f4 23. Ng6 Bxb2 24. Rxb2 Rf6 25. c4 Rxg6 26. Bxg6 Qg7 27. cxd5 Qxb2 28. dxc6 bxc6 29. Bxh5 f3 30. gxf3 Ba6 31. Qxe6+ Kh8 32. Qe5+ 1-0

[Event "ARG-ch sf U1700/2200"]
[Site "Laguna Paiva"]
[Date "2018.08.18"]
[Round "2"]
[White "Tula, Matias"]
[Black "Dib, Nadir"]
[Result "1-0"]
[WhiteElo "1775"]
[BlackElo "1779"]
[PlyCount "102"]
[EventDate "2018.08.18"]
[EventType "swiss"]
[EventRounds "6"]
[EventCountry "ARG"]
[SourceTitle "EXT 2019"]
[Source "ChessBase"]
[SourceDate "2018.10.10"]
[SourceVersion "1"]
[SourceVersionDate "2018.10.10"]
[SourceQuality "1"]

1. d4 Nf6 2. Bf4 g6 3. e3 Bg7 4. Be2 d6 5. Nd2 0-0 6. h4 h5 7. c4 Re8 8. Ngf3 Nbd7 9. Qc2 e5 10. Bg5 exd4 11. Nxd4 Nc5 12. b4 Ne6 13. Nxe6 Bxe6 14. Rd1 Qc8 15. Nf3 Bf5 16. Bd3 Ne4 17. 0-0 Nxg5 18. Nxg5 Bxd3 19. Qxd3 Bf6 20. Qd5 Bxg5 21. Qxg5 Re5 22. Qf4 Qe6 23. Qf3 c6 24. Rd4 Rd8 25. Rfd1 Kg7 26. Qf4 Rf5 27. Qg3 Rf6 28. e4 Re8 29. f3 Qe5 30. Qxe5 dxe5 31. Rd7 Rfe6 32. Rxb7 R8e7 33. Rdd7 Rxd7 34. Rxd7 a6 35. Kf2 Kf8 36. c5 Re7 37. Rd6 Rc7 38. Ke3 Ke7 39. f4 exf4+ 40. Kxf4 a5 41. bxa5 Ra7 42. Rxc6 Rxa5 43. Rc7+ Ke6 44. c6 Rxa2 45. g3 Rc2 46. Rc8 f6 47. c7 Kd7 48. Rg8 Rxc7 49. Rxg6 Ke7 50. Rh6 Rc5 51. Rh7+ Ke6 1-0

[Event "Santa Fe Nelson op"]
[Site "Santa Fe"]
[Date "2018.04.15"]
[Round "6"]
[White "Tula, Matias"]
[Black "Maset, Antonio Roberto"]
[Result "0-1"]
[WhiteElo "1792"]
[BlackElo "1781"]
[PlyCount "80"]
[EventDate "2018.04.14"]
[EventType "swiss"]
[EventRounds "6"]
[EventCountry "ARG"]
[SourceTitle "EXT 2019"]
[Source "ChessBase"]
[SourceDate "2018.10.10"]
[SourceVersion "1"]
[SourceVersionDate "2018.10.10"]
[SourceQuality "1"]

1. d4 Nf6 2. Bf4 d5 3. e3 e6 4. Nd2 c5 5. c3 Be7 6. Be2 Nc6 7. Ngf3 0-0 8. 0-0 b6 9. h3 Bd6 10. Ne5 Bb7 11. Ndf3 Ne7 12. Bg5 Ne4 13. Bf4 Qc7 14. Nd3 Bxf4 15. Nxf4 Nf5 16. g4 Nfd6 17. Ne5 Qe7 18. f3 Ng3 19. Re1 Nxe2+ 20. Qxe2 c4 21. Qg2 f6 22. Neg6 hxg6 23. Nxg6 Qf7 24. Nxf8 Rxf8 25. Qg3 Qe7 26. Re2 e5 27. Rae1 Bc6 28. h4 b5 29. Rg2 Be8 30. g5 fxg5 31. Qxe5 Qxe5 32. dxe5 Nf5 33. Rf2 Nxh4 34. f4 g4 35. Rd1 Bc6 36. Kh2 Nf5 37. Re2 Kf7 38. Rd4 Rh8+ 39. Kg1 Rh3 40. Kf2 Rh2+ 0-1

[Event "Santa Fe Nelson op"]
[Site "Santa Fe"]
[Date "2018.04.14"]
[Round "3"]
[White "Odasso, Gianluca"]
[Black "Tula, Matias"]
[Result "1/2-1/2"]
[WhiteElo "1704"]
[BlackElo "1792"]
[PlyCount "37"]
[EventDate "2018.04.14"]
[EventType "swiss"]
[EventRounds "6"]
[EventCountry "ARG"]
[SourceTitle "EXT 2019"]
[Source "ChessBase"]
[SourceDate "2018.10.10"]
[SourceVersion "1"]
[SourceVersionDate "2018.10.10"]
[SourceQuality "1"]

1. e4 c5 2. c3 e6 3. d4 cxd4 4. cxd4 d5 5. e5 Nc6 6. Nf3 Nge7 7. a3 Bd7 8. b4 Rc8 9. Bd3 Ng6 10. g3 Be7 11. h4 0-0 12. Ng5 Bxg5 13. hxg5 f6 14. gxf6 gxf6 15. Rxh7 Be8 16. Qh5 f5 17. Rh6 Kg7 18. Rh7+ Kg8 19. Rh6 1/2-1/2

[Event "Parana Coronel Memorial"]
[Site "Parana"]
[Date "2017.08.20"]
[Round "5"]
[White "Tula, Matias"]
[Black "Werner, Joaquin"]
[Result "1/2-1/2"]
[WhiteElo "1808"]
[BlackElo "1794"]
[PlyCount "76"]
[EventDate "2017.08.18"]
[EventType "swiss"]
[EventRounds "6"]
[EventCountry "ARG"]
[SourceTitle "CBM 187 Extra"]
[Source "ChessBase"]
[SourceDate "2018.11.04"]
[SourceVersion "1"]
[SourceVersionDate "2018.11.04"]
[SourceQuality "1"]

1. Nc3 d5 2. d4 Bf5 3. Bf4 e6 4. Nb5 Na6 5. e3 Nf6 6. Nf3 c6 7. Nc3 Qb6 8. Rb1 Bb4 9. Bd3 Ne4 10. 0-0 0-0 11. Na4 Qd8 12. Qe2 Qa5 13. Bxa6 bxa6 14. b3 Nc3 15. Nxc3 Bxc3 16. Nh4 Bg6 17. Nxg6 hxg6 18. Qd3 Bb4 19. c4 Rfd8 20. c5 Qb5 21. Qxb5 axb5 22. a3 Bxa3 23. b4 a5 24. Bc7 Bxb4 25. Bxd8 Rxd8 26. Rfd1 Bc3 27. Kf1 b4 28. Ke2 a4 29. Rdc1 a3 30. Rxc3 bxc3 31. Kd3 e5 32. Kxc3 a2 33. Ra1 Ra8 34. Kb3 exd4 35. exd4 Rb8+ 36. Kc3 Ra8 37. Kb3 Rb8+ 38. Kc3 Ra8 1/2-1/2

[Event "ARG-ch sf U2300"]
[Site "Cosquin"]
[Date "2017.07.22"]
[Round "3.3"]
[White "Tornquist, Carlos"]
[Black "Tula, Matias"]
[Result "1-0"]
[WhiteElo "1815"]
[BlackElo "1793"]
[PlyCount "133"]
[EventDate "2017.07.22"]
[EventType "swiss"]
[EventRounds "6"]
[EventCountry "ARG"]
[SourceTitle "EXT 2024"]
[Source "ChessBase"]
[SourceDate "2023.10.10"]
[SourceVersion "1"]
[SourceVersionDate "2023.10.10"]
[SourceQuality "1"]

1. e4 c5 2. Nf3 e6 3. d4 cxd4 4. Nxd4 a6 5. Nc3 Qc7 6. Bd3 Nf6 7. 0-0 Nc6 8. Be3 g6 9. h3 Bg7 10. f4 Nh5 11. e5 Ng3 12. Rf3 Nf5 13. Nxf5 gxf5 14. Rg3 Bf8 15. Qd2 h5 16. Bxf5 Nxe5 17. fxe5 Qxe5 18. Rf3 Rg8 19. Re1 Be7 20. Be4 Bb4 21. Bf2 Qc7 22. Bd4 Rb8 23. a3 Be7 24. Qf2 d5 25. Bh7 Rf8 26. Bb6 Qc6 27. Rf1 f5 28. Bg6+ Kd7 29. Nxd5 exd5 30. Rxf5 Qxg6 31. Rxf8 Bxf8 32. Ba7 Bd6 33. Bxb8 Bxb8 34. Qf7+ Qxf7 35. Rxf7+ Kc6 36. Rh7 Bf5 37. Rxh5 Bxc2 38. g4 Ba7+ 39. Kf1 Bd4 40. Ke2 Bxb2 41. Kd2 Bb3 42. Rh6+ Kc7 43. g5 d4 44. g6 Bxa3 45. g7 Bc4 46. Rh8 Bb4+ 47. Kc1 Ba3+ 48. Kb1 b5 49. g8Q Bxg8 50. Rxg8 Bd6 51. h4 a5 52. h5 Bf4 53. Rf8 Be3 54. Rf7+ Kd6 55. h6 Bxh6 56. Rf6+ Kc5 57. Rxh6 a4 58. Kc2 b4 59. Rh8 b3+ 60. Kb2 Kb4 61. Rb8+ Kc4 62. Ra8 Kb4 63. Rb8+ Kc4 64. Rd8 d3 65. Rd7 a3+ 66. Kxa3 Kc3 67. Rc7+ 1-0